000 00274nam a2200097Ia 4500
008 220204s9999 xx 000 0 und d
082 _a019.952(540)
_bCAT
245 0 _aCatalogue of serials in the national science library April 1965
260 _aNew Delhi
_bIndoc
942 _cBK
999 _c21342
_d21342